Drużyny La Liga w piłce nożnej na sezon 2022/2023. - Statystyki

Ogólne statystyki
  • Ten quiz został rozwiązany 416 razy
  • Średni wynik to 11 z 20
Statystyki odpowiedzi
Drużyna % Poprawnych
Barcelona
98%
Real Madryt
98%
Atlético Madryt
86%
Sevilla
72%
Real betis
69%
Real Sociedad
63%
Valencia
63%
Villarreal
60%
Girona
50%
Athletic Bilbao
49%
Espanyol
49%
Getafe
48%
Cadiz
45%
Elche
45%
Mallorca
42%
Osasuna
41%
Celta Vigo
36%
Almeria
33%
Valladolid
22%
Vallecano
20%
Nie znaleziono quizów pasujących do podanych kryteriów
Rozkład punktacji
Procent ludzi z każdym wynikiem
Percentyl według liczby udzielonych odpowiedzi
Twoja historia wyników
Nie rozwiązałeś tego quizu